| 000 | 00442nam a22001457a 4500 | ||
|---|---|---|---|
| 008 | 230612b |||||||| |||| 00| 0 eng d | ||
| 040 |
_aNational Science Library _cNational Science Library |
||
| 080 |
_aR 912 _bK6 |
||
| 245 |
_aOdyssey world atlas _c/ Odyssey Books |
||
| 260 |
_aNew York: _bTrade Division of Western Publishing Company, Inc., _c1966 |
||
| 300 | _a317p. | ||
| 650 | _aGeography | ||
| 653 | _aAtlas | ||
| 942 |
_2udc _cREF |
||
| 999 |
_c42410 _d42410 |
||